Clave gramatical (Record no. 54352)

MARC details
000 -LEADER
campo de control de longitud fija 00728nam a22001815i 4500
001 - NÚMERO DE CONTROL
campo de control 54352
003 - IDENTIFICADOR DE NÚMERO DE CONTROL
campo de control ES-MaACL
007 - CAMPO FIJO DE DESCRIPCIÓN FÍSICA--INFORMACIÓN GENERAL
campo de control de longitud fija t|
008 - DATOS DE LONGITUD FIJA--INFORMACIÓN GENERAL
campo de control de longitud fija 960718s1874 sp ||||1| spa d
040 ## - FUENTE DE CATALOGACIÓN
Centro catalogador/agencia de origen CAM
Lengua de catalogación spa
Centro/agencia transcriptor CAM
100 1# - ENTRADA PRINCIPAL--NOMBRE DE PERSONA
Nombre de persona Fonoll, Odón.
9 (RLIN) 51504
245 10 - MENCIÓN DEL TÍTULO
Título Clave gramatical
Resto del título : método teórico-practico para enseñar el lenguaje castellano, comparado con el catalán, a los alumnos del Principado de Cataluña /
Mención de responsabilidad, etc. por Odon Fonoll.
250 ## - MENCION DE EDICION
Mención de edición 2ª ed. ref. y aum.
Resto de la mención de edición por Francisco de A. Valls y Ronquillo.
260 ## - PUBLICACIÓN, DISTRIBUCIÓN, ETC.
Lugar de publicación, distribución, etc. Barcelona :
Nombre del editor, distribuidor, etc. J. Bastino e hijo, editores,
Fecha de publicación, distribución, etc. 1874 (
Fabricante Imprenta de Jaime Jepús)
300 ## - DESCRIPCIÓN FÍSICA
Extensión V, 230, [1] p. ;
Dimensiones 19 cm.
700 1# - ENTRADA AGREGADA--NOMBRE PERSONAL
Nombre de persona Valls y Ronquillo, Francisco de A.
9 (RLIN) 112956
852 ## - LOCALIZACIÓN
Ubicación ES-MaACL
Número de control de estantería D-953
Holdings
Estatus retirado Estado de pérdida Estado de daño No para préstamo Colección Biblioteca de origen Biblioteca actual Ubicación en estantería Fecha de adquisición Fuente de adquisición Total de préstamos Signatura topográfica completa Código de barras Visto por última vez Precio de reemplazo Tipo de ítem Koha
        Libros del s. XIX Biblioteca del Ateneo de Madrid Biblioteca del Ateneo de Madrid Sala Valle Inclán 17/01/2008     D-953 901057115 23/02/2023 23/02/2023 Libro impreso antiguo